000 00614nam a2200217Ia 4500
001 19389
003 GE_BSU
008 181216s||||||||xx |||||||||||||| ||und||
040 _cGE_BSU
245 _aАзия и Африка сегодня. № 10. (711) 2016
245 _bЕжемесячный научный журнал
245 _cГл.ред.Васильев А.В.
260 _aМосква
260 _bНаука
260 _c2016
300 _a80 стр. 29см.
653 _aАзия и Африка
653 _aПериодика
653 _aპერიოდიკა
942 _cCR
999 _c52369
_d52369